Statistiques concernant Culture Générale - Série 872

Cliquez ici pour prendre le quiz!

Statistiques générales

  • Ce quiz a été pris 34 fois
  • Le résultat moyen est 5 sur 10

Statistiques - réponses

Question Réponse % Correct
Tissu le plus souvent imperméable positionné sous les draps afin de protéger les matelas.alèse
91%
Celui d'été se situe entre le 20 et le 22 juin et celui d'hiver entre le 20 et le 22 décembresolstice
91%
Quelle actrice américaine est à l'affiche des films d'Alfred Hitchcock "Fenêtre sur Cour" et "La Main au collet" ?Grace Kelly
78%
Talisman ou amulette vaudou qui protège son porteur du diable ou lui porte chancegrigri
63%
Bloc de glace de grande taille partiellement détaché d'un glacier, anagramme de "races"serac
47%
Au passé simple, comment conjugue-t-on le verbe choir à la 1re personne du singulier ?je chus
41%
Bien manger et bien boire (à une table copieusement garnie), c'est faire ...ripaille
38%
Apprenti, jeune ouvrier en apprentissage et chargé des petits travaux, dont l'anagramme est "patère"arpète
25%
Artisan qui fabrique des bougies et des ciergescirier
19%
Quel roi mythique a inspiré à Albert Camus une réflexion sur l'absurdité de la condition humaine ?Sisyphe
13%

Distribution des résultats

Percentile par nombre de réponses

% des personnes avec chaque résultat

Votre développement - résultats

Vous n’avez pas pris ce quiz